Statistiken für Verpixelte Karte von Afrika

Klicken Sie hier um das Quiz zu spielen!

Allgemein

  • Dieses Quiz wurde 1,810 mal gespielt
  • Das Durchschnittsergebnis liegt bei 217 aus 246

Antwortstatistiken

Land % Korrekt
Südafrika
97%
Ägypten
97%
Marokko
97%
Niger
95%
Republik Kongo
95%
Demokratische Republik Kongo
95%
Algerien
95%
Madagaskar
94%
Tunesien
94%
Sudan
93%
Libyen
93%
Nigeria
92%
Somalia
90%
Namibia
89%
Mali
89%
Äthiopien
87%
Kenia
86%
Tschad
86%
Südsudan
85%
Ghana
85%
Angola
83%
Eritrea
82%
Mauretanien
82%
Elfenbeinküste
81%
Tansania
81%
Kamerun
78%
Senegal
78%
Mosambik
78%
Botswana
76%
Uganda
75%
Simbabwe
75%
Zentralafrikanische Republik
73%
Guinea
72%
Sambia
71%
Burkina Faso
70%
Gabun
69%
Benin
69%
Liberia
66%
Malawi
63%

Verteilung der Resultate

Perzentil nach korrekt beantworteten Fragen

Anzahl Personen mit jedem Resultat

Ihre Resultats-Entwicklung

Sie haben dieses Quiz noch nicht gespielt